000
00205 a2200097 4500
001
42587
100
_a
Fuller J.F.C
245
_a
A military history
260
_a
New York
_b
Funk
_c
090
_c
26492
_d
26492
942
_a
NUST-CAE
_c
M
_c
18327
999
_c
277660
_d
277660